000 nam a22 7a 4500
999 _c9201
_d9201
008 180124b ||||| |||| 00| 0 eng d
100 _aDeutsche Bibelgesellschatt
_95459
245 _aDie Bible in Heutigen Deutsch
260 _c2000